| 000 | 00672cam a2200265 4500 | ||
|---|---|---|---|
| 999 |
_c10250 _d10250 |
||
| 001 | 10250 | ||
| 003 | BD-JhCC | ||
| 005 | 20180520124315.0 | ||
| 008 | 180421s1968 ii 000 0 eng | ||
| 035 | _a(BD-JhCC)10250 | ||
| 040 |
_aDLC _cDLC _dDLC |
||
| 041 | _aeng | ||
| 050 | 0 | 0 |
_aJC311 _b.H83 1968 |
| 082 | 0 | 0 |
_a301.45/0954 _bKAB 1968 |
| 100 | 0 | _aKabir Humayun | |
| 245 | 1 | 0 |
_aMinorities in a democracy / _cHumayun Kabir, |
| 250 | _a[1st ed.] | ||
| 260 |
_aCalcutta : _bFirma K. L. Mukhopadhyay, _c1968. |
||
| 300 |
_aviii, 94 p. _c23 cm. |
||
| 350 | _a7.50 | ||
| 650 | 0 | _aMinorities. | |
| 650 | 0 |
_aMinorities _zIndia. |
|
| 942 |
_2ddc _cBK |
||